[Event "XXXIII Abierto Ciudad de Sevilla"]
[Site "?"]
[Date "2008.01.11"]
[Round "8"]
[White "Kononenko, T."]
[Black "Korneev, O."]
[Result "0-1"]
[WhiteElo "2378"]
[BlackElo "2645"]
[PlyCount "68"]
[EventDate "2008.01.05"]
[SourceDate "2008.01.05"]

1. d4 Nf6 2. c4 e6 3. Nf3 d5 4. Nc3 c6 5. e3 Nbd7 6. Qc2 Bd6 7. Be2 O-O 8. O-O
Qe7 9. Rd1 Re8 10. a3 h6 11. h3 dxc4 12. Bxc4 e5 13. Nh4 Nf8 14. Nf5 Bxf5 15.
Qxf5 e4 16. h4 g6 17. Qh3 Rad8 (17... h5 18. b4 N8d7 19. Bb2 Nb6 20. Bb3 Rad8
21. b5 Ng4 22. g3 Kh7 23. a4 Bb4 24. Rdc1 Nd5 25. Nxd5 cxd5 26. Rc2 Rd7 27.
Rac1 Red8 28. Qf1 Ba5 29. Rc8 Bd2 30. Rxd8 Qxd8 31. Rc2 Qa5 32. Qd1 Be1 33. Ba3
Bb4 34. Bxb4 Qxb4 35. Rc5 Nf6 36. Kg2 Kg7 37. Qc2 Qe1 38. Qb2 b6 39. Rc1 Qb4
40. Qa2 Ng4 41. Bd1 Nf6 42. Qb3 Qe7 43. Rc6 Ne8 44. Qc3 Nd6 45. Be2 Ne8 46. Kg1
Nf6 {1/2-1/2 Seres,L-Pinter,J/Budapest 2000/ECO NotiChess}) 18. Bd2 N8d7 19.
Rac1 Nb6 20. Be2 Nbd5 21. Nxd5 Nxd5 22. h5 Kg7 23. hxg6 fxg6 24. Re1 (24. Rf1)
24... Qf6 {Diagrama #} 25. f4 $2 (25. Rf1) 25... exf3 26. Bxf3 $2 (26. Qxf3 $17
) 26... Nf4 $19 27. exf4 Qxd4+ 28. Kf1 Qxd2 29. f5 Bc5 30. f6+ Kf7 31. Qh4 Rd4
32. g4 Qf4 33. Rc3 Rxe1+ 34. Qxe1 Rd2 0-1

[Event "XXXIII Abierto Ciudad de Sevilla"]
[Site "?"]
[Date "2008.01.11"]
[Round "8"]
[White "Herrera Delgado, A."]
[Black "Razmyslov, A."]
[Result "1/2-1/2"]
[WhiteElo "2156"]
[BlackElo "2392"]
[PlyCount "20"]
[EventDate "2008.01.05"]
[SourceDate "2008.01.05"]

1. e4 c5 2. Nf3 e6 3. c3 Nf6 4. e5 Nd5 5. Bc4 Nb6 6. Bb3 Nc6 7. d4 cxd4 8. cxd4
d6 9. O-O Be7 10. Qe2 dxe5 1/2-1/2

[Event "XXXIII Abierto Ciudad de Sevilla"]
[Site "?"]
[Date "2008.01.11"]
[Round "8"]
[White "Narciso Dublan, M."]
[Black "Gutierrez Valero, M."]
[Result "1-0"]
[WhiteElo "2513"]
[BlackElo "1834"]
[PlyCount "41"]
[EventDate "2008.01.05"]
[SourceDate "2008.01.05"]

1. d4 Nf6 2. c4 g6 3. Nf3 Bg7 4. g3 O-O 5. Bg2 d6 6. O-O Nbd7 7. Nc3 e5 8. e4
a6 9. Qc2 {Diagrama #} b5 $2 (9... exd4) 10. dxe5 $16 dxe5 11. Rd1 b4 12. Nd5
Nxd5 13. cxd5 a5 14. a3 Rb8 (14... bxa3 15. Rxa3 Nb6 16. Be3 $18) 15. axb4 axb4
16. Ra7 Bb7 17. Bd2 Re8 18. Bxb4 f5 19. Ba5 Nb6 20. d6 Ba8 21. dxc7 1-0

[Event "XXXIII Abierto Ciudad de Sevilla"]
[Site "?"]
[Date "2008.01.11"]
[Round "8"]
[White "Karim, I."]
[Black "Paunovic, D."]
[Result "0-1"]
[WhiteElo "2366"]
[BlackElo "2522"]
[PlyCount "70"]
[EventDate "2008.01.05"]
[SourceDate "2008.01.05"]

1. e4 d6 2. d4 Nf6 3. Nc3 e5 4. Nge2 Be7 5. g3 c6 6. a4 a5 7. Bg2 O-O 8. O-O
Na6 9. h3 Nb4 10. Be3 d5 11. dxe5 (11. exd5 Nfxd5 12. Nxd5 Nxd5 13. dxe5 Nxe3
14. Qxd8 Bxd8 15. fxe3 Bc7 16. Rad1 Bxe5) 11... Nxe4 12. Nxe4 dxe4 13. Nd4 Qd5
14. c3 Na6 15. Qc2 Nc5 (15... Qxe5 16. Bf4 Qh5 17. Qxe4) 16. b4 (16. f4 exf3
17. Rxf3 Qxe5 18. Bf4 Qh5 19. Re1 $15) 16... axb4 17. cxb4 Nd3 18. Qxd3 exd3
19. Bxd5 cxd5 20. b5 (20. Rfd1 Bxh3 21. Rxd3 $11) 20... Bxh3 21. Rfd1 Bd8 22.
Rxd3 Re8 23. Bf4 g5 (23... f6 24. exf6 Bxf6 $15) 24. Be3 (24. Bd2 Rxe5 25. Nf3
Re2 26. Bxg5) 24... h6 25. Kh2 Bg4 26. Kg2 $6 (26. f3 Bd7 27. f4 f6 28. e6 Bxe6
29. Nxe6 Rxe6 30. Bd2 Rd6 31. a5) 26... Rxe5 27. Nf3 Re8 (27... Re4 28. Rxd5
Bf6) 28. Rxd5 Be6 29. Rd2 (29. Rdd1) 29... Ba5 30. Rdd1 Bc3 31. Rac1 Bg7 32.
Rc7 Rxa4 (32... Reb8) 33. Rxb7 Bf5 {Diagrama #} 34. Ra7 $2 (34. Nd2) 34... Rxa7
$19 35. Bxa7 Be4 0-1

[Event "XXXIII Abierto Ciudad de Sevilla"]
[Site "?"]
[Date "2008.01.11"]
[Round "8"]
[White "Aroshidze, L."]
[Black "Movsziszian, K."]
[Result "1/2-1/2"]
[WhiteElo "2535"]
[BlackElo "2527"]
[PlyCount "41"]
[EventDate "2008.01.05"]
[SourceDate "2008.01.05"]

1. e4 g6 2. d4 Bg7 3. Nc3 c6 4. Be3 Qb6 5. a3 d6 6. h3 Nd7 7. Nf3 Qc7 8. Bc4
Ngf6 9. g4 O-O 10. Ba2 a6 11. O-O b6 12. Nd2 Bb7 13. f4 e6 14. e5 (14. g5 $5
Nh5 15. Qg4 {con idea de f5}) 14... Nd5 15. Nxd5 cxd5 16. c4 $2 {Diagrama #} (
16. Rc1) 16... Rad8 $2 (16... dxc4 $1 17. Bxc4 (17. Nxc4 dxe5 18. Nxe5 Nxe5 19.
fxe5 Qc6 $19) 17... dxe5 18. dxe5 (18. fxe5 Nxe5 19. dxe5 Bxe5 20. Rf2 (20. Rb1
Rad8 $19) 20... Rad8 $19) 18... Nxe5 19. fxe5 Bxe5) (16... dxe5) 17. Rc1 dxc4
18. Nxc4 dxe5 19. fxe5 Qb8 20. Qe2 Bd5 21. b4 {Diagrama #} 1/2-1/2

[Event "XXXIII Abierto Ciudad de Sevilla"]
[Site "?"]
[Date "2008.01.11"]
[Round "8"]
[White "Mirzoev, A."]
[Black "Spraggett, K."]
[Result "1/2-1/2"]
[WhiteElo "2518"]
[BlackElo "2588"]
[PlyCount "86"]
[EventDate "2008.01.05"]
[SourceDate "2008.01.05"]

1. d4 f5 2. Nf3 Nf6 3. g3 g6 4. Bg2 Bg7 5. O-O O-O 6. c4 d6 7. Nc3 c6 8. d5 e5
9. dxe6 Bxe6 10. Qd3 Ng4 11. b3 Na6 12. Bb2 Qe7 13. Rad1 Rad8 14. e3 Rfe8 15.
h3 Ne5 16. Qb1 Nc5 17. Nxe5 Bxe5 18. Ne2 Bxb2 19. Qxb2 Ne4 20. Nf4 Bf7 21. Rd3
a6 22. Rc1 g5 23. Ne2 Bg6 24. Rcd1 Rf8 25. b4 Bh5 26. Rc1 Bf7 27. Rdd1 d5 28.
cxd5 Bxd5 29. a3 Nf6 30. Bxd5+ Nxd5 31. Nc3 Nb6 32. Qc2 Qe5 33. Rxd8 Rxd8 34.
Ne2 Nd5 35. Rd1 Rf8 36. Nd4 h6 37. Nf3 Qf6 38. Rd4 Re8 39. Qd3 Re7 40. Kg2 Kf8
41. Qd2 Qe6 42. Qd3 Qf6 43. Qd2 Qe6 {Diagrama #} 1/2-1/2

[Event "XXXIII Abierto Ciudad de Sevilla"]
[Site "?"]
[Date "2008.01.11"]
[Round "8"]
[White "Ferrer Garcia, I."]
[Black "Barria, D."]
[Result "0-1"]
[WhiteElo "2180"]
[BlackElo "2427"]
[PlyCount "58"]
[EventDate "2008.01.05"]
[SourceDate "2008.01.05"]

1. e4 c5 2. Nf3 Nc6 3. d4 cxd4 4. Nxd4 g6 5. c4 Bg7 6. Nc2 Nf6 7. Nc3 O-O 8.
Be2 d6 9. O-O Nd7 10. Be3 Nc5 11. f3 Bxc3 12. bxc3 Qa5 13. Qd2 Na4 14. Nb4 Nxc3
15. Qxc3 Qxb4 16. Qc2 Qa3 17. Qd2 Qa5 18. Qxa5 Nxa5 19. c5 Be6 20. cxd6 exd6
21. Rfd1 Bc4 22. Kf2 f5 23. exf5 Rxf5 24. Rxd6 Re8 (24... Bxe2 25. Kxe2 $11)
25. Bxc4+ (25. Rc1 Rff8 26. Bxa7 $17) (25. Bd1 $5) 25... Nxc4 26. Rd3 Rb5 27.
Bd4 Rd8 {Diagrama #} 28. Rad1 $2 (28. Rb3) (28. Ke2) 28... Ra5 $17 29. Ra1 $2 (
29. a4 Rxa4 30. Bc5 Rxd3 31. Rxd3 b6 $19) 29... Rad5 0-1

[Event "XXXIII Abierto Ciudad de Sevilla"]
[Site "?"]
[Date "2008.01.11"]
[Round "8"]
[White "Khamrakulov, I."]
[Black "Fernandez Romero, E."]
[Result "1-0"]
[WhiteElo "2589"]
[BlackElo "2462"]
[PlyCount "71"]
[EventDate "2008.01.05"]
[SourceDate "2008.01.05"]

1. e4 e6 2. d4 d5 3. Nd2 Nf6 4. e5 Nfd7 5. Bd3 c5 6. c3 Nc6 7. Ne2 cxd4 8. cxd4
f6 9. exf6 Nxf6 10. Nf3 Bd6 11. Bf4 Bxf4 12. Nxf4 O-O 13. O-O Ng4 14. Ne2 e5
15. dxe5 Rxf3 (15... Ngxe5 16. Nxe5 Nxe5 17. Qb3 Nxd3 18. Qxd3 Bf5 19. Qd4 Be6
20. Rac1 Qd6 21. Rfd1 a6 22. a3 Rac8 23. f3 h6 24. b4 Rxc1 25. Rxc1 Rc8 26.
Rxc8+ Bxc8 27. Qc5 Qe6 28. Kf2 b6 29. Qc7 Bd7 30. Nf4 Qc6 31. Qxc6 Bxc6 32. Ke3
g5 33. Ng6 Bb7 34. Ne5 Bc8 35. Kd4 Be6 36. Ng4 Kg7 37. Ne3 h5 38. Nxd5 b5 39.
Nc7 Bc8 40. Ke5 Kg6 41. g3 {1-0 Schlemermeyer,W-Kleeschaetzky,R/Germany 2001})
16. gxf3 Ngxe5 17. Kh1 Qf6 (17... Qh4 18. Qd2 Bh3 19. Qf4 Qxf4 20. Nxf4 Bxf1
21. Bxf1 d4 22. Be2 Rf8 23. Ne6 Rf6 24. Nc5 Nxf3 25. Bc4+ Kh8 26. Nxb7 Nfe5 27.
Bb5 Rxf2 28. Rc1 Nf3 {0-1 Lenic,L-Alsina Leal,D/Kirishi 2003}) 18. Ng1 (18. Ng3
$5) 18... Be6 19. Re1 Rf8 20. Rc1 Qf4 (20... Qh6 $5 21. Bf1 Rf4 22. Qd2 g5) 21.
Bf1 Rf6 (21... d4 $5 22. Rc5 Rd8) 22. Bh3 {Diagrama #} Bxh3 (22... Bf7 $5 23.
Qb3 h6 {seguido de d4 y Bd5}) 23. Nxh3 Qxf3+ 24. Qxf3 Rxf3 25. Re3 $14 Rf6 26.
f4 Nc4 27. Rd3 (27. Re8+ Kf7 28. Rc8 $16) 27... Nb6 28. a3 d4 29. Rc5 Na4 30.
Rc2 b6 $6 (30... Nb6) 31. b4 Nc3 32. Ng5 Nd5 $6 (32... a5 33. bxa5 bxa5 34. f5
Rxf5 35. Ne6) 33. b5 $18 Nce7 34. Rxd4 h6 35. Nh3 g5 36. Rg2 1-0

[Event "XXXIII Abierto Ciudad de Sevilla"]
[Site "?"]
[Date "2008.01.11"]
[Round "8"]
[White "Campora, D."]
[Black "Ivanov, J."]
[Result "0-1"]
[WhiteElo "2535"]
[BlackElo "2371"]
[PlyCount "80"]
[EventDate "2008.01.05"]
[SourceDate "2008.01.05"]

{Presentada el Premio de Belleza} 1. e4 c5 2. f4 d5 3. exd5 Nf6 4. Nf3 Nxd5 5.
d4 cxd4 6. Nxd4 e5 7. Bb5+ Nd7 (7... Bd7 $5) 8. Qe2 Bb4+ 9. c3 {Diagrama #} O-O
10. fxe5 Qh4+ 11. Kd1 (11. g3 $4 Qxd4 12. cxb4 Nxe5 $19) (11. Kf1 Bc5) 11...
Nc5 (11... Bc5) 12. Nf3 (12. Bd2 Ba5 13. Kc2) 12... Qd8 13. Bd2 (13. Ke1 $5)
13... Nf4 (13... Ba5) 14. Qf1 (14. Qe3 $1 Nxg2 15. Qf2 Nf4 16. cxb4 Ncd3 17.
Qg3 $16) 14... Ba5 15. b4 a6 16. Be2 Ncd3 (16... Nxe2 17. Qxe2 Nd3 18. bxa5 Bf5
19. Qe3 Qd5 20. Ke2 f6 $14) 17. bxa5 Bg4 (17... Nxe2 18. Qxe2 Bg4) 18. h3 (18.
Bxf4 Nxf4+ 19. Kc1 Rc8 20. h3 $14) 18... Nxe2 19. Kxe2 (19. Qxe2 Qd7 20. Qe3
$14 (20. hxg4 $4 Qa4#)) 19... Bxf3+ (19... Bf5) 20. Qxf3 $16 Nxe5 21. Qg3 Re8
22. Kf2 (22. Rd1 $2 Ng4+ 23. Kf1 Ne3+) 22... Qf6+ 23. Kg1 Rad8 {Diagrama #} 24.
Kh2 $2 (24. Qf2 Qd6 25. Bf4) (24. Be3 Rd3 25. Qf2 Qg6 26. Nd2 Rxc3 27. Rf1 Rc2
28. Kh2 $16) 24... Rd3 25. Qf4 Qd6 26. Rg1 (26. Rf1 $2 Re6 27. Kg1 Rf6) 26...
Re6 27. Kh1 Qd5 28. Re1 $6 (28. Qh2 $1 Rf6 (28... h6 29. Rf1) 29. Re1 Rf5 30.
c4 Qxc4 31. Na3 $18) 28... Rxh3+ 29. Kg1 Rd3 30. Re3 (30. a4) 30... Qc5 {
Diagrama #} 31. Qb4 $2 (31. Kh1 $8 Rh6+ 32. Kg1 Re6) 31... Qa7 $19 32. Qf4 Ng6
33. Qf2 Rexe3 34. Bxe3 Qxe3 35. Qxe3 Rxe3 36. Nd2 Rxc3 37. Rb1 Rc2 38. Ne4 Rxa2
39. Rxb7 Rxa5 40. Nd6 h6 {Comentarios sobre notas de Ivanov} 0-1

[Event "XXXIII Abierto Ciudad de Sevilla"]
[Site "?"]
[Date "2008.01.11"]
[Round "8"]
[White "Komljenovic, D."]
[Black "Barrenechea Bahamonde, G."]
[Result "1-0"]
[WhiteElo "2482"]
[BlackElo "2174"]
[PlyCount "73"]
[EventDate "2008.01.05"]
[SourceDate "2008.01.05"]

1. d4 d5 2. c4 e6 3. Nc3 c5 4. cxd5 cxd4 5. Qxd4 Nc6 6. Qd1 exd5 7. Qxd5 Bd7 8.
Nf3 Nf6 9. Qd1 Bc5 10. e3 Qe7 11. Be2 O-O-O 12. O-O g5 13. b4 Bxb4 14. Bb2 g4
15. Nh4 (15. Nd4 h5 16. Ncb5 Kb8 17. Qa4 a6 18. a3 Nxd4 19. Bxd4 Bd6 20. Rfc1
Ne4 21. g3 h4 22. Bxh8 Bxb5 23. Bxb5 axb5 24. Qd4 hxg3 25. hxg3 f6 26. a4 b4
27. Rc4 f5 28. Rac1 b3 29. a5 Ng5 30. Qf6 Nf3+ 31. Kg2 Qxf6 32. Bxf6 Rf8 33.
Bb2 Ka7 34. Rc8 Rf7 35. Rd8 Bc7 36. Rd3 Bxa5 37. Rxb3 Rh7 38. Ra3 Rh2+ 39. Kf1
b6 40. Ke2 Kb7 41. Bc3 Bxc3 42. Raxc3 Ng5 43. Rc7+ Ka6 44. Ra1+ Kb5 45. Rb1+
Ka6 46. Rc6 Ne4 47. Rcxb6+ Ka7 48. Rb7+ Ka8 49. Rb8+ Ka7 50. R1b7+ Ka6 51. Rb4
Rxf2+ 52. Ke1 Ka7 53. R8b5 Ka6 54. Rxf5 Rxf5 55. Rxe4 Rg5 56. Rb4 Ka5 57. Rb8
Rf5 58. Rg8 Rf3 59. Rxg4 Rxe3+ 60. Kf2 Rc3 61. Rg8 Kb6 62. Rd8 Kc7 63. Rd4 Rc6
64. Kf3 Rd6 65. Rxd6 Kxd6 66. Kf4 Ke6 67. Kg5 Kf7 68. Kh6 Kg8 69. Kg6 Kh8 70.
g4 Kg8 71. g5 {1-0 Knott,S-Fontaine,R/York 2000}) 15... Rhg8 16. Qc2 Kb8 17.
Rab1 Rg5 18. Ba1 (18. a3 Ba5 19. Rfd1) 18... Rc5 {Diagrama #} 19. Rfd1 $2 Rc8
$2 (19... Bxc3 20. Bxc3 Ne4 21. Qb2 Bc8 22. Rxd8 Qxd8 23. Bd4 Qxh4 24. g3 Qg5
25. Bxc5 Nxc5 $19) 20. a3 Bxa3 $2 (20... Bxc3 21. Bxc3 Ne4 22. Rxd7 Qxd7 23.
Qxe4 Rxc3 24. Bxg4 Qd2 25. g3 Rc7 $11) 21. Qa4 Ra5 22. Qf4+ Ka8 $2 (22... Qe5
23. Nd5 $16) 23. Nb5 $18 Nh5 24. Qh6 Nb4 25. Nxa3 Qxh4 26. Rxd7 Rxa3 27. g3
Rxa1 28. Rxa1 Qf6 29. Qxf6 Nxf6 30. Rxf7 Nbd5 31. Bf1 a6 32. Bg2 Rc7 33. Rf8+
Ka7 34. e4 Nd7 35. Rf7 N5f6 36. e5 Ne8 37. Re7 1-0

[Event "XXXIII Abierto Ciudad de Sevilla"]
[Site "?"]
[Date "2008.01.11"]
[Round "8"]
[White "Barrios Muñoz, R."]
[Black "Lariño Nieto, D."]
[Result "0-1"]
[WhiteElo "2138"]
[BlackElo "2439"]
[PlyCount "140"]
[EventDate "2008.01.05"]
[SourceDate "2008.01.05"]

1. d4 g6 2. e4 d6 3. Nf3 Bg7 4. Be2 Nd7 5. O-O e5 6. dxe5 dxe5 7. b4 Ngf6 8.
Bb2 Qe7 9. Nc3 c6 10. b5 O-O 11. a4 Rd8 12. Ba3 Qe8 13. Qe1 Nh5 14. Rd1 Nf4 15.
Bc4 h6 16. Qd2 Bf6 17. Qd6 Kg7 18. Qc7 Nb6 19. Bb3 Rd7 20. Rxd7 Qxd7 21. Bd6
Qxc7 22. Bxc7 Nd7 23. Bd6 g5 24. Rd1 g4 25. Ne1 h5 26. Kf1 a6 27. bxc6 bxc6 28.
a5 Bb7 29. Rb1 Ra7 30. Na4 Bc8 31. Bc4 Kg6 32. Nd3 Nxd3 33. cxd3 Rb7 34. Rxb7
Bxb7 {Diagrama #} 35. Nc5 $6 (35. Nb6 Nxb6 36. axb6 a5 37. Ke2 $16) 35... Nxc5
36. Bxc5 Bd8 37. Bb4 Bc7 38. Ke2 c5 39. Bc3 f5 40. f3 f4 41. Be1 Kf6 42. Bh4+
Kg7 43. Be1 Bc8 44. Kd1 Kf8 45. Bf2 Bd6 46. Ke2 Ke8 47. Kd1 Be7 48. Ke2 Kd8 49.
Kd2 Kc7 50. Bf7 Kd6 51. Bxh5 gxf3 52. gxf3 Bd8 53. Bg4 Bxa5+ 54. Kc2 Bb7 55.
Kb3 Bc6 {Diagrama #} 56. Bh3 (56. h4 Bd8 57. h5 Bg5 58. Be1 Bb5 59. Kc2 $11)
56... Bb6 57. Bh4 Bb5 58. Bf1 Ba5 59. Bf6 Ke6 60. Bg7 Bc7 61. h4 (61. Bf8)
61... Kf7 62. Bh8 Kg6 63. Bh3 (63. Kc3) 63... Bxd3 64. Bf5+ Kh5 65. Bf6 c4+ 66.
Kb2 Bd6 67. Bg4+ Kg6 68. Bh8 a5 69. h5+ Kh6 70. Bf6 a4 0-1

[Event "XXXIII Abierto Ciudad de Sevilla"]
[Site "?"]
[Date "2008.01.11"]
[Round "8"]
[White "Garcia Luque, A."]
[Black "Lopez Rodriguez, F."]
[Result "1-0"]
[WhiteElo "2387"]
[BlackElo "2159"]
[PlyCount "69"]
[EventDate "2008.01.05"]
[SourceDate "2008.01.05"]

1. e4 e6 2. d3 d5 3. Qe2 Ne7 4. Nf3 c5 5. g3 g6 6. Bg2 Bg7 7. O-O O-O 8. h4 h6
9. e5 b6 10. c3 Ba6 11. Re1 Nd7 12. Bf4 Rc8 13. Nbd2 Nc6 14. Nf1 b5 15. Qd2 Kh7
16. N1h2 Ne7 17. Ng4 Ng8 18. d4 cxd4 19. cxd4 Qb6 20. h5 b4 21. Rec1 gxh5 22.
Ne3 Ne7 23. Bh3 f5 24. Nh4 Qb5 25. Neg2 {Diagrama #} (25. Bf1 Qa5 26. Bxa6 Qxa6
27. Qxb4 $16) 25... Rxc1+ $6 (25... Nb6 26. b3 Qe2) 26. Rxc1 Rc8 27. Be3 Rxc1+
28. Qxc1 Qc4 29. Nf4 Qxc1+ 30. Bxc1 Nf8 31. Bd2 Nc6 (31... b3 32. axb3 Bc8 33.
Nxh5 $18) 32. Nxe6 Kg8 33. Nxg7 Kxg7 34. Nxf5+ Kh7 35. Bg2 1-0

[Event "XXXIII Abierto Ciudad de Sevilla"]
[Site "?"]
[Date "2008.01.11"]
[Round "8"]
[White "Khamrakulov, I."]
[Black "Fernandez Romero, E."]
[Result "1-0"]
[WhiteElo "2589"]
[BlackElo "2462"]
[PlyCount "71"]
[EventDate "2008.01.05"]
[SourceDate "2008.01.05"]

1. e4 e6 2. d4 d5 3. Nd2 Nf6 4. e5 Nfd7 5. Bd3 c5 6. c3 Nc6 7. Ne2 cxd4 8. cxd4
f6 9. exf6 Nxf6 10. Nf3 Bd6 11. Bf4 Bxf4 12. Nxf4 O-O 13. O-O Ng4 14. Ne2 e5
15. dxe5 Rxf3 (15... Ngxe5 16. Nxe5 Nxe5 17. Qb3 Nxd3 18. Qxd3 Bf5 19. Qd4 Be6
20. Rac1 Qd6 21. Rfd1 a6 22. a3 Rac8 23. f3 h6 24. b4 Rxc1 25. Rxc1 Rc8 26.
Rxc8+ Bxc8 27. Qc5 Qe6 28. Kf2 b6 29. Qc7 Bd7 30. Nf4 Qc6 31. Qxc6 Bxc6 32. Ke3
g5 33. Ng6 Bb7 34. Ne5 Bc8 35. Kd4 Be6 36. Ng4 Kg7 37. Ne3 h5 38. Nxd5 b5 39.
Nc7 Bc8 40. Ke5 Kg6 41. g3 {1-0 Schlemermeyer,W-Kleeschaetzky,R/Germany 2001})
16. gxf3 Ngxe5 17. Kh1 Qf6 (17... Qh4 18. Qd2 Bh3 19. Qf4 Qxf4 20. Nxf4 Bxf1
21. Bxf1 d4 22. Be2 Rf8 23. Ne6 Rf6 24. Nc5 Nxf3 25. Bc4+ Kh8 26. Nxb7 Nfe5 27.
Bb5 Rxf2 28. Rc1 Nf3 {0-1 Lenic,L-Alsina Leal,D/Kirishi 2003}) 18. Ng1 (18. Ng3
$5) 18... Be6 19. Re1 Rf8 20. Rc1 Qf4 (20... Qh6 $5 21. Bf1 Rf4 22. Qd2 g5) 21.
Bf1 Rf6 (21... d4 $5 22. Re4 Qf6 23. Rc5 b6 24. Rcxe5 Nxe5 25. Qxd4 $11) 22.
Bh3 {Diagrama #} Bxh3 (22... Bf7 $5 23. Qb3 h6 $5 {seguido de d4 y Bd5}) 23.
Nxh3 Qxf3+ 24. Qxf3 Rxf3 25. Re3 $14 Rf6 26. f4 Nc4 27. Rd3 (27. Re8+ Kf7 28.
Rc8 $16) 27... Nb6 28. a3 d4 29. Rc5 Na4 30. Rc2 b6 $6 (30... Nb6) 31. b4 Nc3
32. Ng5 $16 Nd5 $2 (32... a5 33. bxa5 bxa5 34. f5 Rxf5 35. Ne6) 33. b5 $18 Nce7
34. Rxd4 h6 35. Nh3 g5 36. Rg2 1-0

[Event "XXXIII Abierto Ciudad de Sevilla"]
[Site "?"]
[Date "2008.01.11"]
[Round "8"]
[White "Epishin, V."]
[Black "Rizouk, A."]
[Result "1-0"]
[WhiteElo "2577"]
[BlackElo "2498"]
[PlyCount "73"]
[EventDate "2008.01.05"]
[SourceDate "2008.01.05"]

1. d4 a6 2. g3 Nf6 3. Bg2 d5 4. Nf3 g6 5. O-O Bg7 6. Nbd2 O-O 7. c4 c6 8. b3
Ne4 9. Bb2 f5 10. Qc2 Nd7 11. Rad1 e6 12. Ne1 g5 13. Nxe4 fxe4 14. f3 exf3 15.
exf3 a5 16. Nd3 a4 17. f4 axb3 18. axb3 gxf4 19. Nxf4 Nf6 20. Bc3 Kh8 21. Nd3
Bd7 22. Bb4 $16 Rg8 23. Ne5 Be8 24. Qe2 dxc4 25. bxc4 Ra4 26. Qe1 $6 (26. Bc3)
26... Nd7 27. Nf7+ Bxf7 28. Rxf7 {Diagrama #} Nb6 (28... e5) 29. Bf1 $6 (29.
Rxb7 Nxc4 30. Bxc6 $18) 29... Nc8 30. Kh1 Nd6 $2 (30... b5) 31. Bxd6 Qxd6 32.
Bd3 $18 Qxd4 33. Bc2 Qxc4 34. Bxa4 Qxa4 35. Rdd7 Qb5 36. Qxe6 Ra8 37. Kg2 1-0

[Event "XXXIII Abierto Ciudad de Sevilla"]
[Site "?"]
[Date "2008.01.11"]
[Round "8"]
[White "Vehi Bach, V."]
[Black "Burmakin, V."]
[Result "0-1"]
[WhiteElo "2373"]
[BlackElo "2611"]
[PlyCount "74"]
[EventDate "2008.01.05"]
[SourceDate "2008.01.05"]

1. e4 c6 2. d4 d5 3. e5 Bf5 4. Nd2 e6 5. Nb3 Nd7 6. Nf3 h6 7. Be2 Ne7 8. O-O
Bh7 9. c3 Ng6 10. Be3 Be7 11. Ne1 O-O 12. f4 f6 13. Bg4 f5 14. Be2 Nh8 15. Qd2
g5 16. c4 Ng6 17. g3 gxf4 18. gxf4 Kh8 19. Nf3 Rg8 20. Kh1 Nb6 21. c5 Nc4 22.
Qc3 b6 23. Rad1 Nxe3 24. Qxe3 a5 25. cxb6 Qxb6 26. Rd2 Nf8 27. Rc2 Bg6 28. Rfc1
Be8 29. Ne1 a4 30. Nd2 Ra7 31. Nd3 Kh7 32. Bf3 Rc7 33. Rg1 Rxg1+ 34. Kxg1 Nd7
35. Nc5 Nxc5 36. dxc5 Qa6 37. Qd4 {Diagrama #} Rb7 {Ilegible} 0-1

[Event "XXXIII Abierto Ciudad de Sevilla"]
[Site "?"]
[Date "2008.01.11"]
[Round "8"]
[White "Fenollar Jorda, M."]
[Black "Zhao, Z."]
[Result "0-1"]
[WhiteElo "2253"]
[BlackElo "2487"]
[PlyCount "108"]
[EventDate "2008.01.05"]
[SourceDate "2008.01.05"]

1. d4 Nf6 2. Nf3 e6 3. e3 b6 4. Bd3 Bb7 5. Nbd2 c5 6. c3 Nc6 7. O-O Be7 8. e4
cxd4 9. cxd4 Nb4 10. Bb1 Ba6 11. Re1 Nd3 12. Bxd3 Bxd3 13. d5 Bc5 14. b4 Bxb4
15. Qb3 Bxd2 16. Nxd2 Ba6 17. Ba3 $18 b5 18. e5 Nxd5 19. Ne4 b4 20. Nd6+ Kf8
21. Bxb4 Kg8 22. Ba3 h5 23. Rad1 Rh6 24. Qf3 Rg6 25. Qxf7+ Kh7 26. Bc1 Qf8 27.
Qxf8 Rxf8 28. Be3 Rg4 29. Bxa7 Nf4 30. g3 Be2 31. Rd2 Bf3 {Diagrama #} 32. Be3
(32. Re3 $18) 32... Nh3+ 33. Kf1 Ra8 34. Rc1 Rga4 35. Ra1 h4 36. a3 (36. Bc5
$16) 36... hxg3 37. hxg3 Rxa3 38. Rxa3 Rxa3 39. Rc2 $14 Rd3 40. Rc1 Kg6 41. Nc4
Kf5 42. Nd2 Bc6 43. Rc5 Ra3 44. Bd4 Ra2 45. Bc3 g5 46. f3 (46. Ke2) 46... Bxf3
$15 47. Nxf3 Rf2+ 48. Ke1 Rxf3 49. Rc7 Rxg3 50. Kd2 Rg2+ 51. Kd1 Nf2+ 52. Ke1
Nd3+ 53. Kf1 Rf2+ 54. Kg1 Rc2 0-1

[Event "XXXIII Abierto Ciudad de Sevilla"]
[Site "?"]
[Date "2008.01.11"]
[Round "8"]
[White "Escobar Forero, A."]
[Black "Van hoolandt, P."]
[Result "1-0"]
[WhiteElo "2461"]
[BlackElo "2216"]
[PlyCount "93"]
[EventDate "2008.01.05"]
[SourceDate "2008.01.05"]

1. e4 e5 2. Nf3 Nc6 3. Bb5 Nf6 4. d3 d6 5. O-O g6 6. d4 Bd7 7. Re1 Bg7 8. d5
Ne7 9. Bxd7+ Qxd7 10. c4 Nh5 11. Nc3 h6 12. Be3 f5 13. exf5 Nxf5 14. c5 O-O 15.
cxd6 cxd6 16. Qd3 Rf7 17. Rac1 g5 18. Nd2 Nh4 19. g3 Nf3+ 20. Nxf3 Rxf3 21. Qg6
Nf6 22. Kg2 Rf5 23. h3 Ne8 24. Ne4 Qf7 25. Qxf7+ Rxf7 26. Rc4 {Diagrama #} Rd7
(26... Nf6) 27. Rec1 Kf7 28. Kf3 Rad8 29. a4 b6 30. b4 Bf8 31. Rc6 Be7 32. R6c4
Rb7 33. b5 Rdd7 34. h4 gxh4 35. gxh4 Rbc7 36. Rc6 Bf8 37. h5 Rb7 38. Rg1 Nc7
39. Nc3 e4+ 40. Kxe4 Re7+ 41. Kd4 Re5 42. Bf4 Rxh5 43. Bxd6 Bg7+ 44. Rxg7+ Kxg7
45. Bxc7 Kf7 46. Ne4 Ke7 47. d6+ 1-0

[Event "XXXIII Abierto Ciudad de Sevilla"]
[Site "?"]
[Date "2008.01.11"]
[Round "8"]
[White "Medina Carrasco, S."]
[Black "Roeder, M."]
[Result "1/2-1/2"]
[WhiteElo "2213"]
[BlackElo "2461"]
[PlyCount "89"]
[EventDate "2008.01.05"]
[SourceDate "2008.01.05"]

1. d4 Nf6 2. Nf3 e6 3. c4 b6 4. g3 Bb4+ 5. Bd2 a5 6. Bg2 Ba6 7. b3 c6 8. O-O d5
9. a3 Be7 10. Bf4 Nbd7 11. Nfd2 Nh5 12. Be3 f5 13. f3 Bd6 14. Bf2 f4 15. g4
Nhf6 16. e4 e5 17. exd5 cxd5 18. Re1 O-O 19. Nc3 (19. g5) 19... exd4 20. Bxd4 (
20. Nxd5) 20... Bc5 21. Bxc5 Nxc5 $17 22. g5 $2 (22. Bf1) 22... dxc4 $19 23.
Nxc4 Nd3 24. Re2 Qd4+ 25. Kh1 Qxc3 26. gxf6 Bxc4 27. bxc4 Rfe8 $6 (27... Rad8)
28. Rc2 (28. Rb1) 28... Qxf6 29. Qg1 Re3 30. Rd1 Rae8 31. Rcd2 Ne1 32. Rd6 Qh4
33. Rd7 Nxg2 34. Kxg2 Re2+ 35. Kh1 {Diagrama #} Re1 $4 (35... g6 $19) 36. Rxg7+
Kf8 37. Rg8+ Kf7 38. Rd7+ R8e7 39. Rg7+ Kf6 40. Rdxe7 Rxg1+ 41. Kxg1 Qh5 42.
Kg2 Qc5 43. Rgf7+ Kg6 44. Rg7+ Kf6 45. Rgf7+ 1/2-1/2

[Event "XXXIII Abierto Ciudad de Sevilla"]
[Site "?"]
[Date "2008.01.11"]
[Round "8"]
[White "Pogorelov, R."]
[Black "Perez Garcia, R."]
[Result "1/2-1/2"]
[WhiteElo "2396"]
[BlackElo "2153"]
[PlyCount "94"]
[EventDate "2008.01.05"]
[SourceDate "2008.01.05"]

1. Nf3 d5 2. d4 c6 3. c4 e6 4. Qc2 Nf6 5. g3 Be7 6. Bg2 O-O 7. O-O Nbd7 8. Nbd2
b6 9. e4 Ba6 10. e5 Ne8 11. Rd1 Qc7 12. b3 Rc8 13. Bb2 Qb8 14. Rac1 c5 15. cxd5
cxd4 16. Qb1 Rxc1 17. Rxc1 Nxe5 18. dxe6 fxe6 19. Qe4 Bf6 20. Nxe5 Qxe5 21.
Qxe5 Bxe5 22. Nf3 Bf6 23. Bxd4 Nd6 24. Bxf6 gxf6 25. Nd4 Rc8 26. Nc6 Rc7 27.
Rd1 Nf7 28. Re1 e5 29. Nb4 Bb7 30. Nd5 Bxd5 31. Bxd5 Kg7 32. b4 Nd6 33. f4 e4
34. f5 Nxf5 35. Bxe4 Re7 36. Kf2 Nd6 37. Bd3 Rxe1 38. Kxe1 f5 39. Ke2 Kf6 40.
g4 fxg4 41. Bxh7 Kg5 42. Bg8 Kf4 43. Be6 Ne4 44. Kd3 a5 45. bxa5 bxa5 46. Kc4
g3 47. hxg3+ Kxg3 {Diagrama # Ilegible} 1/2-1/2